Precision Agriculture Technology for crop Farming. (Record no. 7980)

MARC details
000 -LEADER
fixed length control field 00558nam a22002057a 4500
003 - CONTROL NUMBER IDENTIFIER
control field OSt
005 - DATE AND TIME OF LATEST TRANSACTION
control field 20220812114645.0
008 - FIXED-LENGTH DATA ELEMENTS--GENERAL INFORMATION
fixed length control field 220812b ||||| |||| 00| 0 eng d
020 ## - INTERNATIONAL STANDARD BOOK NUMBER
International Standard Book Number 9781032098272
040 ## - CATALOGING SOURCE
Transcribing agency DDC
082 ## - DEWEY DECIMAL CLASSIFICATION NUMBER
Classification number 630 PRE 2016
100 ## - MAIN ENTRY--PERSONAL NAME
Personal name Zhang, Qin
9 (RLIN) 16206
245 ## - TITLE STATEMENT
Title Precision Agriculture Technology for crop Farming.
260 ## - PUBLICATION, DISTRIBUTION, ETC. (IMPRINT)
Place of publication, distribution, etc. New York:
Name of publisher, distributor, etc. CRC Press;
Date of publication, distribution, etc. 2016,
300 ## - PHYSICAL DESCRIPTION
Extent xiv,360p.:
Other physical details ill;
Dimensions 26cm.
504 ## - BIBLIOGRAPHY, ETC. NOTE
Bibliography, etc Index included.
650 ## - SUBJECT ADDED ENTRY--TOPICAL TERM
Topical term or geographic name as entry element Agriculture Technology
9 (RLIN) 16207
650 ## - SUBJECT ADDED ENTRY--TOPICAL TERM
Topical term or geographic name as entry element Crop Farming.
9 (RLIN) 16208
942 ## - ADDED ENTRY ELEMENTS (KOHA)
Source of classification or shelving scheme Dewey Decimal Classification
Koha item type Book
Holdings
Withdrawn status Lost status Source of classification or shelving scheme Damaged status Not for loan Home library Current library Date acquired Source of acquisition Inventory number Total Checkouts Full call number Barcode Date last seen Price effective from Koha item type
    Dewey Decimal Classification     MUST Main Library MUST Main Library 12/08/2022 Purchase 22/41915   630 PRE 2016 2022-7881 12/08/2022 12/08/2022 Book
    Dewey Decimal Classification     MUST Main Library MUST Main Library 12/08/2022 Purchase 22/41914   630 PRE 2016 2022-7882 12/08/2022 12/08/2022 Book